| 000 | 00484nam a2200181 a 4500 | ||
|---|---|---|---|
| 001 | 1777027203397 | ||
| 003 | YourLibrary | ||
| 005 | 20260424161207.0 | ||
| 008 | 260424s2008##################000#0#eng## | ||
| 020 | _a9780073374123 | ||
| 082 | 0 | 4 | _a344.73041NEW |
| 100 | 1 |
_aCynthia Newby, CPC, _eauthor. |
|
| 245 | 1 | 0 | _aHIPAA for Allied Health Careers : |
| 260 |
_bMcGraw-Hill Education, _c2008. |
||
| 650 | 0 | _aMedical. | |
| 942 | _cENGLISH | ||
| 040 |
_aYourLibrary _beng _cYourLibrary |
||
| 999 |
_c619846 _d619846 |
||